[Event "GER-ch Seniors 65 31st"]
[Site "Radebeul"]
[Date "2019.05.01"]
[Round "6"]
[White "Peter, Volkhard"]
[Black "Briesemeister, Klaus"]
[Result "1-0"]
[WhiteElo "1723"]
[BlackElo "1621"]
[PlyCount "95"]
[EventDate "2019.04.26"]
[EventType "swiss"]
[EventRounds "9"]
[EventCountry "GER"]
[SourceTitle "CBM 190 Extra"]
[Source "ChessBase"]
[SourceDate "2019.07.15"]
[SourceVersion "1"]
[SourceVersionDate "2019.07.15"]
[SourceQuality "1"]

1. e4 d6 2. d4 g6 3. Nc3 Nf6 4. Bg5 Bg7 5. e5 dxe5 6. dxe5 Qxd1+ 7. Rxd1 Ng4 8. Nd5 Bxe5 9. Nf3 Bd6 10. Bxe7 c6 11. Bxd6 cxd5 12. Rxd5 Be6 13. Rd4 Nc6 14. Bb5 a6 15. Bxc6+ bxc6 16. 0-0 f6 17. Re1 Kf7 18. h3 Nh6 19. b3 Nf5 20. Rd2 Rad8 21. Bc7 Rxd2 22. Nxd2 Nd4 23. c4 Ra8 24. Bb6 Nc2 25. Re2 Bf5 26. Ne4 Bxe4 27. Rxe4 Re8 28. Rxe8 Kxe8 29. Bc5 Ne1 30. f3 Nd3 31. Bd4 Kf7 32. Kf1 Nc1 33. Ke1 Nxa2 34. Kd2 a5 35. Bb6 a4 36. bxa4 Nb4 37. a5 Ke6 38. Bc5 Na6 39. Be3 c5 40. Kd3 Kd6 41. Ke4 Ke6 42. g4 g5 43. f4 h6 44. Bf2 gxf4 45. Kxf4 Nb4 46. Ke4 Nc6 47. a6 Kd6 48. Kf5 1-0

[Event "GER-ch Seniors 65 31st"]
[Site "Radebeul"]
[Date "2019.04.29"]
[Round "4"]
[White "Moews, Harald"]
[Black "Briesemeister, Klaus"]
[Result "1-0"]
[WhiteElo "1737"]
[BlackElo "1621"]
[PlyCount "73"]
[EventDate "2019.04.26"]
[EventType "swiss"]
[EventRounds "9"]
[EventCountry "GER"]
[SourceTitle "CBM 190 Extra"]
[Source "ChessBase"]
[SourceDate "2019.07.15"]
[SourceVersion "1"]
[SourceVersionDate "2019.07.15"]
[SourceQuality "1"]

1. e4 e6 2. d4 c5 3. c3 cxd4 4. cxd4 Bb4+ 5. Nc3 Nf6 6. e5 Nd5 7. Bd2 0-0 8. Nxd5 Bxd2+ 9. Qxd2 exd5 10. f4 d6 11. Nf3 Bg4 12. Be2 f6 13. 0-0 Nc6 14. h3 Bxf3 15. Bxf3 dxe5 16. dxe5 fxe5 17. fxe5 Qb6+ 18. Kh1 Nxe5 19. Qxd5+ Nf7 20. Qxb7 Qxb7 21. Bxb7 Rab8 22. Bd5 Rxb2 23. Rf3 Rd2 24. Bb3 Rd7 25. Raf1 g6 26. g4 Kg7 27. h4 h6 28. Kh2 Re7 29. Kg3 Rc7 30. g5 h5 31. Rf6 Rc3+ 32. Kg2 Rc7 33. R1f2 Rd7 34. Bc2 Rc7 35. Rxg6+ Kh8 36. Rgf6 Rxc2 37. Rxc2 1-0

[Event "MVP-ch Seniors op 18th"]
[Site "Ostseebad Binz"]
[Date "2018.12.02"]
[Round "5"]
[White "Briesemeister, Klaus"]
[Black "Lehr, Thomas"]
[Result "0-1"]
[WhiteElo "1697"]
[BlackElo "1938"]
[PlyCount "86"]
[EventDate "2018.11.28"]
[EventType "swiss"]
[EventRounds "9"]
[EventCountry "GER"]
[SourceTitle "CBM 188 Extra"]
[Source "ChessBase"]
[SourceDate "2019.02.26"]
[SourceVersion "1"]
[SourceVersionDate "2019.02.26"]
[SourceQuality "1"]

1. d4 d5 2. c4 c6 3. Nc3 Nf6 4. Nf3 e6 5. e3 a6 6. Qc2 c5 7. cxd5 exd5 8. Be2 Nc6 9. a3 cxd4 10. exd4 Be6 11. b4 Rc8 12. 0-0 b5 13. Qd3 Be7 14. Ng5 Bd7 15. Be3 g6 16. Qd2 0-0 17. Nf3 Nxb4 18. axb4 Bxb4 19. Bg5 Bxc3 20. Qf4 Nh5 21. Qe5 Qb6 22. Ra2 f6 23. Qe7 Rf7 24. Qe3 fxg5 25. Nxg5 Rg7 26. Rd1 a5 27. Bxh5 gxh5 28. Qe5 Re8 29. Qxd5+ Be6 30. Nxe6 Qxe6 31. Qxe6+ Rxe6 32. d5 Rd6 33. Ra3 Bb4 34. Rad3 Re7 35. g3 Re2 36. Re3 Rxe3 37. fxe3 Kf7 38. Kf2 Kf6 39. e4 Ke5 40. Ke3 Bc3 41. Kd3 b4 42. Rf1 Rf6 43. Rxf6 Kxf6 0-1

[Event "MVP-ch Seniors op 18th"]
[Site "Ostseebad Binz"]
[Date "2018.11.29"]
[Round "2"]
[White "Graffenberger, Marianne"]
[Black "Briesemeister, Klaus"]
[Result "1/2-1/2"]
[WhiteElo "1436"]
[BlackElo "1697"]
[PlyCount "65"]
[EventDate "2018.11.28"]
[EventType "swiss"]
[EventRounds "9"]
[EventCountry "GER"]
[SourceTitle "CBM 188 Extra"]
[Source "ChessBase"]
[SourceDate "2019.02.26"]
[SourceVersion "1"]
[SourceVersionDate "2019.02.26"]
[SourceQuality "1"]

1. e4 d6 2. Nf3 g6 3. c4 Bg7 4. Nc3 Nf6 5. d3 0-0 6. Be2 Bd7 7. 0-0 c6 8. Qb3 b6 9. d4 Qc7 10. e5 dxe5 11. Nxe5 Ne8 12. Nf3 e5 13. dxe5 Bxe5 14. Nxe5 Qxe5 15. Bh6 Ng7 16. f4 Qd4+ 17. Kh1 Re8 18. Rad1 Qc5 19. Bxg7 Kxg7 20. Bf3 Be6 21. Rfe1 Na6 22. Ne4 Qxc4 23. Qxc4 Bxc4 24. Nd6 Rxe1+ 25. Rxe1 Bd5 26. Be2 Nc7 27. Bc4 b5 28. Bxd5 Nxd5 29. g3 Rd8 30. Nb7 Rd7 31. Nc5 Re7 32. Rxe7 Nxe7 33. Kg2 1/2-1/2

[Event "MVP-ch Seniors op 17th"]
[Site "Binz"]
[Date "2017.12.02"]
[Round "4.52"]
[White "Briesemeister, Klaus"]
[Black "Menkhaus, Wolf Dieter"]
[Result "1-0"]
[WhiteElo "1714"]
[BlackElo "1913"]
[PlyCount "83"]
[EventDate "2017.11.29"]
[EventType "swiss"]
[EventRounds "9"]
[EventCountry "GER"]
[SourceTitle "EXT 2019"]
[Source "ChessBase"]
[SourceDate "2018.10.10"]
[SourceVersion "1"]
[SourceVersionDate "2018.10.10"]
[SourceQuality "1"]

1. d4 Nf6 2. c4 c5 3. d5 e5 4. Nc3 d6 5. Qc2 Be7 6. e4 Nbd7 7. Be2 Nf8 8. Bd2 Ng6 9. g3 0-0 10. 0-0-0 Ng4 11. Rf1 Bg5 12. h3 Bxd2+ 13. Qxd2 Nh6 14. h4 f5 15. h5 Nh8 16. f3 N8f7 17. Nh3 a6 18. Rfg1 fxe4 19. Nxe4 Bxh3 20. Rxh3 Nf5 21. g4 Nd4 22. g5 Qd7 23. Rgg3 Kh8 24. Bd3 Qa4 25. Kb1 b5 26. b3 Qa3 27. Qb2 Qb4 28. Rg1 bxc4 29. Bxc4 Rfb8 30. Qc3 Qb6 31. g6 Nh6 32. gxh7 a5 33. Rg6 Nhf5 34. h6 gxh6 35. Nxd6 Kxh7 36. Nxf5 Qxg6 37. Rxh6+ Qxh6 38. Nxh6 Kxh6 39. Qe3+ Kg6 40. Qxe5 Rf8 41. Bd3+ Nf5 42. d6 1-0

[Event "MVP-ch Seniors op 16th"]
[Site "Binz"]
[Date "2016.11.29"]
[Round "7.57"]
[White "Mellenthin, Horst"]
[Black "Briesemeister, Klaus"]
[Result "1/2-1/2"]
[WhiteElo "1854"]
[BlackElo "1748"]
[PlyCount "26"]
[EventDate "2016.11.23"]
[EventType "swiss"]
[EventRounds "9"]
[EventCountry "GER"]
[SourceTitle "EXT 2018"]
[Source "ChessBase"]
[SourceDate "2017.10.13"]
[SourceVersion "1"]
[SourceVersionDate "2017.10.13"]
[SourceQuality "1"]

1. e4 e5 2. Nf3 Nc6 3. Bc4 d6 4. d4 Bg4 5. dxe5 Nxe5 6. Be2 Nxf3+ 7. Bxf3 Bxf3 8. Qxf3 Qf6 9. Qb3 0-0-0 10. Nc3 c6 11. Be3 Kb8 12. Qa4 c5 13. 0-0-0 Ne7 1/2-1/2

[Event "WchT Seniors 65"]
[Site "Radebeul"]
[Date "2016.07.02"]
[Round "7.22"]
[White "Briesemeister, Klaus"]
[Black "Francke, Dirk"]
[Result "0-1"]
[WhiteElo "1756"]
[BlackElo "1952"]
[PlyCount "70"]
[EventDate "2016.06.26"]
[EventType "team-swiss"]
[EventRounds "9"]
[EventCountry "GER"]
[SourceTitle "CBM 173 Extra"]
[Source "ChessBase"]
[SourceDate "2016.08.29"]
[SourceVersion "1"]
[SourceVersionDate "2016.08.29"]
[SourceQuality "1"]
[WhiteTeam "Randbauern"]
[BlackTeam "Stiftung BSW/DBAG III"]
[WhiteTeamCountry "GER"]
[BlackTeamCountry "GER"]

1. d4 d5 2. Bf4 c6 3. e3 Nf6 4. Bd3 Bg4 5. f3 Bh5 6. Ne2 e6 7. c3 Bd6 8. g4 Bg6 9. h4 Qc7 10. h5 Bxd3 11. Qxd3 h6 12. Bxd6 Qxd6 13. Nd2 Nbd7 14. 0-0-0 0-0-0 15. Rdg1 Kb8 16. f4 c5 17. Kb1 Rc8 18. g5 hxg5 19. Rxg5 g6 20. Ng3 gxh5 21. Nxh5 cxd4 22. cxd4 Qc6 23. a3 Nb6 24. Nf3 Ne4 25. Rg2 Nc4 26. Ne5 Nxe5 27. fxe5 Rh6 28. Qe2 Qb6 29. Ka2 Rc3 30. Ka1 Rc8 31. Rhg1 Qb3 32. Rg8 Rh8 33. Nf6 Nxf6 34. Rxc8+ Rxc8 35. exf6 Rc2 0-1

[Event "WchT Seniors 65"]
[Site "Radebeul"]
[Date "2016.06.27"]
[Round "2.3"]
[White "Wittkugel, Friedhelm"]
[Black "Briesemeister, Klaus"]
[Result "1-0"]
[WhiteElo "1993"]
[BlackElo "1756"]
[PlyCount "79"]
[EventDate "2016.06.26"]
[EventType "team-swiss"]
[EventRounds "9"]
[EventCountry "GER"]
[SourceTitle "CBM 173 Extra"]
[Source "ChessBase"]
[SourceDate "2016.08.29"]
[SourceVersion "1"]
[SourceVersionDate "2016.08.29"]
[SourceQuality "1"]
[WhiteTeam "Surprise"]
[BlackTeam "Randbauern"]
[WhiteTeamCountry "GER"]
[BlackTeamCountry "GER"]

1. d4 f5 2. e4 fxe4 3. Nc3 Nf6 4. Bg5 g6 5. Bc4 c6 6. Bxf6 exf6 7. d5 Bb4 8. Nge2 Qe7 9. 0-0 d6 10. a3 Bxc3 11. Nxc3 Kf8 12. Qd4 Qe5 13. Qxe4 Bf5 14. Qf3 Kg7 15. Rfe1 Qd4 16. Bb3 Nd7 17. Rad1 Qg4 18. Qxg4 Bxg4 19. f3 Bf5 20. g4 Ne5 21. Kg2 Bc8 22. dxc6 bxc6 23. Rxd6 Ba6 24. Ne4 Rhf8 25. Nc5 Bc8 26. h3 g5 27. Red1 a5 28. a4 Rb8 29. Kg3 Rb4 30. Nd3 Nc4 31. Rxc6 Ne3 32. Re1 f5 33. Nxb4 f4+ 34. Kf2 axb4 35. Rxe3 fxe3+ 36. Kxe3 Re8+ 37. Kf2 Kh8 38. Rb6 Bd7 39. Rd6 Re7 40. Rd4 1-0

[Event "MVP-ch Seniors op 15th"]
[Site "Binz"]
[Date "2015.12.01"]
[Round "8.56"]
[White "Fritsch, Juergen"]
[Black "Briesemeister, Klaus"]
[Result "1-0"]
[WhiteElo "1728"]
[BlackElo "1474"]
[PlyCount "113"]
[EventDate "2015.11.24"]
[EventType "swiss"]
[EventRounds "9"]
[EventCountry "GER"]
[SourceTitle "EXT 2017"]
[Source "ChessBase"]
[SourceDate "2016.10.25"]
[SourceVersion "1"]
[SourceVersionDate "2016.10.25"]
[SourceQuality "1"]

1. d4 Nf6 2. Bg5 e6 3. Nf3 Be7 4. e3 c5 5. c3 Qb6 6. Qc2 d6 7. Nbd2 Bd7 8. Be2 Nc6 9. 0-0 Nd5 10. Bxe7 Ncxe7 11. dxc5 Qxc5 12. Ne4 Qb6 13. Qd2 f5 14. Ng3 0-0 15. Rad1 Nc8 16. Bc4 Nf6 17. Bb3 Re8 18. Nxf5 d5 19. Ng3 Bb5 20. Rfe1 Nd6 21. Ne5 a5 22. a3 Be2 23. Nxe2 Qxb3 24. Nd4 Qb6 25. Qe2 Rac8 26. f3 Nf7 27. Nxf7 Kxf7 28. Qb5 Qa7 29. Kf1 Rc5 30. Qe2 Qb8 31. g3 Rc4 32. Kg2 b5 33. Nb3 Qc7 34. Nd2 Rc5 35. f4 a4 36. Nf3 Qb7 37. Ne5+ Kg8 38. Rd4 Rec8 39. h3 g6 40. Kh2 R8c7 41. Red1 Qc8 42. Rb4 Ne4 43. Rc1 Nxc3 44. bxc3 Rxc3 45. Rxc3 Rxc3 46. Rb2 Rxa3 47. Qxb5 Rxe3 48. Qxa4 Rc3 49. Rd2 Rc7 50. Qd4 Qa6 51. Ng4 h5 52. Ne3 Qa5 53. Re2 Qb5 54. Rb2 Qe8 55. Kg2 Kh7 56. Qe5 Qc8 57. g4 1-0

[Event "MVP-ch Seniors op 15th"]
[Site "Binz"]
[Date "2015.11.30"]
[Round "7.76"]
[White "Briesemeister, Klaus"]
[Black "Schreiner, Juergen"]
[Result "1-0"]
[WhiteElo "1474"]
[BlackElo "1330"]
[PlyCount "49"]
[EventDate "2015.11.24"]
[EventType "swiss"]
[EventRounds "9"]
[EventCountry "GER"]
[SourceTitle "EXT 2017"]
[Source "ChessBase"]
[SourceDate "2016.10.25"]
[SourceVersion "1"]
[SourceVersionDate "2016.10.25"]
[SourceQuality "1"]

1. d4 Nf6 2. c4 e6 3. Nf3 b6 4. e3 Ne4 5. Bd3 Bb4+ 6. Nbd2 Bxd2+ 7. Nxd2 Nxd2 8. Bxd2 d5 9. Bb4 Nd7 10. cxd5 Qg5 11. dxe6 Qxg2 12. exd7+ Bxd7 13. Rf1 Bh3 14. Qh5 0-0-0 15. Bf5+ Bxf5 16. Qxf5+ Rd7 17. 0-0-0 g6 18. Qf4 Rhd8 19. Kb1 g5 20. Qg3 Qe4+ 21. Ka1 Rd5 22. Rc1 Kb7 23. Qxc7+ Ka8 24. Qc6+ Kb8 25. Bd6+ 1-0

[Event "MVP-ch Seniors op 15th"]
[Site "Binz"]
[Date "2015.11.28"]
[Round "5.63"]
[White "Briesemeister, Klaus"]
[Black "Micheel, Peter"]
[Result "1/2-1/2"]
[WhiteElo "1474"]
[BlackElo "1694"]
[PlyCount "25"]
[EventDate "2015.11.24"]
[EventType "swiss"]
[EventRounds "9"]
[EventCountry "GER"]
[SourceTitle "EXT 2017"]
[Source "ChessBase"]
[SourceDate "2016.10.25"]
[SourceVersion "1"]
[SourceVersionDate "2016.10.25"]
[SourceQuality "1"]

1. d4 Nf6 2. c4 e5 3. dxe5 Ng4 4. Nf3 Nc6 5. a3 Ngxe5 6. Nxe5 Nxe5 7. e3 a5 8. f4 Nc6 9. Nc3 Bc5 10. Bd3 Ne7 11. Qf3 c6 12. 0-0 d6 13. f5 1/2-1/2

[Event "GER-chB Seniors 26th"]
[Site "Bad Neuenahr"]
[Date "2014.08.13"]
[Round "9"]
[White "Briesemeister, Klaus"]
[Black "Buecken, Rudolf"]
[Result "0-1"]
[WhiteElo "1741"]
[BlackElo "1963"]
[PlyCount "64"]
[EventDate "2014.08.05"]
[EventType "swiss"]
[EventRounds "9"]
[EventCountry "GER"]
[SourceTitle "EXT 2018"]
[Source "ChessBase"]
[SourceDate "2017.10.13"]
[SourceVersion "1"]
[SourceVersionDate "2017.10.13"]
[SourceQuality "1"]

1. d4 d5 2. Nf3 Bf5 3. e3 e6 4. Bd3 Bxd3 5. Qxd3 c5 6. c3 c4 7. Qc2 Nf6 8. Nbd2 Bd6 9. e4 dxe4 10. Nxe4 Nxe4 11. Qxe4 Qe7 12. 0-0 0-0 13. Re1 Qc7 14. g3 Nd7 15. Ne5 Bxe5 16. dxe5 b5 17. Bf4 Nc5 18. Qe3 Rad8 19. Qe2 Rd3 20. Qg4 Re8 21. h4 Kh8 22. Be3 Red8 23. Bd4 a5 24. Re2 b4 25. Rc1 bxc3 26. bxc3 Rb8 27. Qf4 Rb7 28. h5 h6 29. g4 Qc6 30. Re3 Rxe3 31. fxe3 Rb2 32. e4 Qxe4 0-1

[Event "GER-chB Seniors 26th"]
[Site "Bad Neuenahr"]
[Date "2014.08.08"]
[Round "4"]
[White "Bittner, Josef"]
[Black "Briesemeister, Klaus"]
[Result "1-0"]
[WhiteElo "1871"]
[BlackElo "1741"]
[PlyCount "63"]
[EventDate "2014.08.05"]
[EventType "swiss"]
[EventRounds "9"]
[EventCountry "GER"]
[SourceTitle "EXT 2018"]
[Source "ChessBase"]
[SourceDate "2017.10.13"]
[SourceVersion "1"]
[SourceVersionDate "2017.10.13"]
[SourceQuality "1"]

1. Nf3 d5 2. b3 Nf6 3. Bb2 Nc6 4. g3 e6 5. Bg2 Be7 6. d3 0-0 7. Nbd2 d4 8. 0-0 e5 9. c3 Rb8 10. Nc4 dxc3 11. Bxc3 e4 12. dxe4 Nxe4 13. Bb2 Bf6 14. Bxf6 Qxf6 15. Qc2 Re8 16. e3 Nb4 17. Qe2 Nc3 18. Qb2 Nd3 19. Qd2 Nc5 20. Nd4 N3e4 21. Bxe4 Nxe4 22. Qe2 c5 23. Nc2 Bh3 24. Rfc1 g6 25. Nd2 Nc3 26. Qe1 Rbd8 27. f3 Rd3 28. Qf2 Red8 29. Ne4 Nxe4 30. fxe4 Qxf2+ 31. Kxf2 Rd2+ 32. Kf3 1-0

[Event "GER-chB Seniors 26th"]
[Site "Bad Neuenahr"]
[Date "2014.08.07"]
[Round "3"]
[White "Briesemeister, Klaus"]
[Black "Hesse, Volker"]
[Result "1/2-1/2"]
[WhiteElo "1741"]
[BlackElo "1898"]
[PlyCount "27"]
[EventDate "2014.08.05"]
[EventType "swiss"]
[EventRounds "9"]
[EventCountry "GER"]
[SourceTitle "EXT 2018"]
[Source "ChessBase"]
[SourceDate "2017.10.13"]
[SourceVersion "1"]
[SourceVersionDate "2017.10.13"]
[SourceQuality "1"]

1. d4 f5 2. Nc3 Nf6 3. Bg5 e6 4. e3 Be7 5. Nf3 d5 6. Bd3 0-0 7. Qe2 Nbd7 8. a3 c6 9. Nd2 Qe8 10. f3 Bd6 11. Bf4 Bxf4 12. exf4 Qe7 13. Bxf5 Re8 14. Bh3 1/2-1/2

[Event "MVP-ch Seniors op 13th"]
[Site "Binz"]
[Date "2013.11.30"]
[Round "4"]
[White "Groener, Marga"]
[Black "Briesemeister, Klaus"]
[Result "1-0"]
[WhiteElo "1333"]
[BlackElo "1504"]
[PlyCount "65"]
[EventDate "2013.11.27"]
[EventType "swiss"]
[EventRounds "9"]
[EventCountry "GER"]
[SourceTitle "EXT 2015"]
[Source "ChessBase"]
[SourceDate "2014.11.20"]
[SourceVersion "1"]
[SourceVersionDate "2014.11.20"]
[SourceQuality "1"]

1. d4 f5 2. Bf4 d6 3. h3 c6 4. Nf3 Nf6 5. e3 Qb6 6. b3 g6 7. c3 Bg7 8. Qc2 0-0 9. Bd3 d5 10. 0-0 Re8 11. Nbd2 Nbd7 12. Rfe1 Nf8 13. Rac1 Ne6 14. Bg3 Ne4 15. Be5 Bf6 16. Re2 Bd7 17. Qb2 N6g5 18. Bf4 Nf7 19. Qb1 g5 20. Bh2 h6 21. Nf1 g4 22. hxg4 fxg4 23. Ne1 Nfg5 24. Bg3 Bf5 25. f3 gxf3 26. gxf3 Nxg3 27. Nxg3 Bxd3 28. Qxd3 c5 29. Qg6+ Bg7 30. Qh5 Rf8 31. Kg2 Qf6 32. Rf2 Ne4 33. Qxd5+ 1-0

[Event "MVP-ch Seniors op 13th"]
[Site "Binz"]
[Date "2013.11.28"]
[Round "2"]
[White "Peleikis, Horst"]
[Black "Briesemeister, Klaus"]
[Result "1-0"]
[WhiteElo "1913"]
[BlackElo "1504"]
[PlyCount "61"]
[EventDate "2013.11.27"]
[EventType "swiss"]
[EventRounds "9"]
[EventCountry "GER"]
[SourceTitle "EXT 2015"]
[Source "ChessBase"]
[SourceDate "2014.11.20"]
[SourceVersion "1"]
[SourceVersionDate "2014.11.20"]
[SourceQuality "1"]

1. e4 c6 2. d4 d5 3. e5 Bf5 4. g4 Bg6 5. Nh3 e6 6. Nf4 Be7 7. Bd3 c5 8. c3 cxd4 9. cxd4 Nc6 10. Nc3 Bxd3 11. Qxd3 Qb6 12. Be3 Bg5 13. Nfxd5 exd5 14. Bxg5 Qxd4 15. Qxd4 Nxd4 16. 0-0-0 Ne6 17. Be3 Ne7 18. Nxd5 Nc6 19. f4 Rc8 20. Kb1 0-0 21. f5 Nc7 22. Bf4 Nxd5 23. Rxd5 Nb4 24. Rd7 Rc4 25. Rf1 Rfc8 26. g5 b5 27. e6 fxe6 28. fxe6 Re4 29. e7 Re8 30. Bd6 g6 31. Bxb4 1-0

[Event "MVP-ch Seniors op 13th"]
[Site "Binz"]
[Date "2013.11.27"]
[Round "1"]
[White "Briesemeister, Klaus"]
[Black "Kurbangulov, Viktor"]
[Result "1/2-1/2"]
[WhiteElo "1504"]
[BlackElo "1841"]
[PlyCount "37"]
[EventDate "2013.11.27"]
[EventType "swiss"]
[EventRounds "9"]
[EventCountry "GER"]
[SourceTitle "EXT 2015"]
[Source "ChessBase"]
[SourceDate "2014.11.20"]
[SourceVersion "1"]
[SourceVersionDate "2014.11.20"]
[SourceQuality "1"]

1. d4 Nf6 2. Nc3 g6 3. e4 d6 4. Be2 Bg7 5. Be3 Nbd7 6. g4 h6 7. f4 e5 8. dxe5 dxe5 9. fxe5 Nxe5 10. Qxd8+ Kxd8 11. 0-0-0+ Ke8 12. h3 c6 13. Nf3 Nxf3 14. Bxf3 Be6 15. Rhe1 Nd7 16. Bf4 Be5 17. Bd2 Kf8 18. Kb1 Kg7 19. Ne2 1/2-1/2

[Event "MVP-ch Seniors op 12th"]
[Site "Binz"]
[Date "2012.12.02"]
[Round "5"]
[White "Briesemeister, Klaus"]
[Black "Schreiner, Juergen"]
[Result "0-1"]
[WhiteElo "1563"]
[BlackElo "1400"]
[PlyCount "90"]
[EventDate "2012.11.28"]
[EventType "swiss"]
[EventRounds "9"]
[EventCountry "GER"]
[SourceTitle "EXT 2014"]
[Source "ChessBase"]
[SourceDate "2013.11.20"]
[SourceVersion "1"]
[SourceVersionDate "2013.11.20"]
[SourceQuality "1"]

1. d4 Nf6 2. Nc3 e6 3. e4 d5 4. e5 Nfd7 5. Nf3 Be7 6. Be3 c5 7. Be2 Nc6 8. 0-0 0-0 9. Qd2 f6 10. exf6 Rxf6 11. Bb5 a6 12. Bxc6 bxc6 13. Ne2 Rf7 14. Nf4 Nf6 15. dxc5 Ne4 16. Qb4 a5 17. Qa3 d4 18. Bxd4 Rxf4 19. Qe3 Rxf3 20. gxf3 Nf6 21. c4 Qf8 22. Kh1 Nh5 23. Qe4 Bd7 24. Rg1 Bf6 25. Rad1 Rd8 26. Qg4 Qf7 27. Be3 e5 28. Qe4 g6 29. a3 Qe6 30. Rd6 Qf5 31. Qg4 Qxg4 32. fxg4 Be7 33. gxh5 Bxd6 34. cxd6 Bf5 35. hxg6 Be4+ 36. Rg2 Rxd6 37. gxh7+ Kxh7 38. h3 Rg6 39. Kg1 Rxg2+ 40. Kf1 Rh2 41. Ke2 Rxh3 42. Kd2 Rh1 43. Bb6 a4 44. Kc3 Rb1 45. Be3 Kg6 0-1

[Event "MVP-ch Seniors op 12th"]
[Site "Binz"]
[Date "2012.12.01"]
[Round "4"]
[White "Assmann, Hans"]
[Black "Briesemeister, Klaus"]
[Result "1/2-1/2"]
[WhiteElo "1495"]
[BlackElo "1563"]
[PlyCount "53"]
[EventDate "2012.11.28"]
[EventType "swiss"]
[EventRounds "9"]
[EventCountry "GER"]
[SourceTitle "EXT 2014"]
[Source "ChessBase"]
[SourceDate "2013.11.20"]
[SourceVersion "1"]
[SourceVersionDate "2013.11.20"]
[SourceQuality "1"]

1. e4 c6 2. Nf3 d5 3. Nc3 d4 4. Ne2 Bg4 5. Ng3 e5 6. Bc4 Nf6 7. d3 Bd6 8. Bg5 Bb4+ 9. Kf1 Nbd7 10. a3 Bd6 11. h3 Be6 12. Nf5 Bxf5 13. exf5 h6 14. Bd2 0-0 15. g4 Nh7 16. Qc1 Kh8 17. h4 Qf6 18. c3 b5 19. Bb3 Nc5 20. Bc2 e4 21. dxe4 d3 22. Bd1 Nxe4 23. Be3 c5 24. Nd2 Qe5 25. Nxe4 Qxe4 26. f3 Qd5 27. Rh3 1/2-1/2

[Event "GER-ch Seniors"]
[Site "Dresden"]
[Date "2012.08.16"]
[Round "8"]
[White "Grunewald, Peter"]
[Black "Briesemeister, Klaus"]
[Result "1/2-1/2"]
[WhiteElo "2041"]
[BlackElo "1809"]
[PlyCount "50"]
[EventDate "2012.08.09"]
[EventType "swiss"]
[EventRounds "9"]
[EventCountry "GER"]
[SourceTitle "EXT 2014"]
[Source "ChessBase"]
[SourceDate "2013.11.20"]
[SourceVersion "1"]
[SourceVersionDate "2013.11.20"]
[SourceQuality "1"]

1. c4 e5 2. Nc3 Nc6 3. g3 f5 4. Bg2 Nf6 5. d3 d6 6. e3 Be7 7. Nge2 Be6 8. a3 Qd7 9. Nd5 Nd8 10. Bd2 c6 11. Nxe7 Qxe7 12. Bc3 Nf7 13. b3 0-0 14. 0-0 Rfd8 15. d4 e4 16. Nf4 d5 17. Bb4 Qd7 18. h3 g5 19. Nxe6 Qxe6 20. Rc1 Rd7 21. Bd2 g4 22. h4 h5 23. Qc2 Kh7 24. Rfe1 Kg6 25. Bf1 Rf8 1/2-1/2